Dream Theater - All Songs on Images and Words Lightning Round - Statistics

General Stats
  • This quiz has been taken 12 times
  • The average score is 5 of 8
Answer Stats
Answer % Correct
Pull Me Under
100%
Another Day
89%
Surrounded
78%
Take the Time
67%
Under a Glass Moon
67%
Wait for Sleep
67%
Learning to Live
44%
Metropolis - Part 1:"The Miracle and the Sleeper"
33%
No matching quizzes found
Score Distribution
Percent of People with Each Score
Percentile by Number Answered
Your Score History
You have not taken this quiz